000
00301nam a22001337a 4500
008
171023b xxu||||| |||| 00| 0 eng d
020
_a
9780131824768
041
_a
eng
080
_2
3RD
_a
338
100
_a
54
101
_a
MEN
245
_a
STRATEGIC COMPENSATION
_c
MARTOCCHIO,J.J
942
_2
udc
_c
BK
999
_c
35385
_d
35385